| 000 | 00826nam0a2200277 4500 | ||
|---|---|---|---|
| 001 | RU\NLR\bibl\1750100 | ||
| 005 | 20260406001551.0 | ||
| 010 |
_a978-5-85879-685-5 _91000 |
||
| 021 |
_aRU _b2011-16312 _91148 |
||
| 035 | _a(NLR Aleph) 001740964 | ||
| 090 |
_a1459070 _c1459070 |
||
| 100 | _a20110323d2010 |||y0rusy50 ca | ||
| 101 | 0 | _arus | |
| 102 | _aRU | ||
| 105 | _aa ||||||||| | ||
| 200 | 1 |
_aЗанимательные филосульки _fЮра Штурман |
|
| 210 |
_aМосква _cПравда Севера _d2010 |
||
| 215 |
_a127 с. _cил. _d17 |
||
| 686 | _aШ6(2=Р)8-5 | ||
| 700 | 1 |
_4070 _8rus _7ca _aШтурман _bЮ. _gЮра _3RU\NLR\auth\77111120 _994045 |
|
| 801 | 0 |
_aRU _bNLR _c20110323 _gRCR |
|
| 801 | 1 |
_aRU _bNLR _c20110323 |
|
| 942 | _cBOOK | ||
| 980 | _aNB | ||